| 000 | 00486nam a2200169Ia 4500 | ||
|---|---|---|---|
| 008 | 230917s9999||||xx |||||||||||||| ||und|| | ||
| 020 | _cRS795 | ||
| 040 |
_e227498 _aMAIN |
||
| 041 | _aEnglish | ||
| 082 | _a537 D27F | ||
| 100 | _aDavalos, A Lopez | ||
| 245 | 0 | _aFundamental of electromagnetism: Vacuum electromagnetism media and relativity | |
| 260 |
_aBerlin _bSpringer _c2009 |
||
| 300 | _axv, 294 p. | ||
| 500 | _a2078 10/08/2015 RBP15/2078 28/08/2015 Main Budget | ||
| 942 | _cBK | ||
| 999 |
_c15478 _d15478 |
||